| 000 | 00437nam a2200193Ia 4500 | ||
|---|---|---|---|
| 001 | 11909 | ||
| 003 | GE_BSU | ||
| 008 | 181216s||||||||xx |||||||||||||| ||und|| | ||
| 040 | _cGE_BSU | ||
| 080 | _a821.111-312.4 | ||
| 100 | _aCookson,Catherine. | ||
| 245 | _aFeathers in the fire. | ||
| 260 | _aGreat Britain. | ||
| 260 | _bCorgi Books. | ||
| 260 | _c1971. | ||
| 300 | _a288p;18cm. | ||
| 653 | _aFeathers in the fire. | ||
| 942 | _cBK | ||
| 999 |
_c45086 _d45086 |
||